Statistics for Dallas Cowboys QBs

Click here to take the quiz!

General Stats

  • This quiz has been taken 821 times
    (675 since last reset)
  • The average score is 6 of 14

Answer Stats

Hint Answer % Correct
'06 - '13Tony Romo
99%
'89 - '00Troy Aikman
88%
'71, '73 - '79Roger Staubach
80%
2005Drew Bledsoe
53%
'80 - '87Danny White
49%
01, '03Quincy Carter
39%
2010Jon Kitna
36%
'62 - '68Don Meredith
32%
2004Vinny Testaverde
24%
'69 - '70, '72Craig Morton
24%
2002Chad Hutchinson
11%
1984Gary Hogeboom
10%
'60 - '61Eddie LeBaron
9%
'86, '88Steve Pelluer
6%

Score Distribution

Percentile by Number Answered

Percent of People with Each Score

Your Score History

You have not taken this quiz since the last reset